Bosnian War Quiz - Statistics

General Stats
  • This quiz has been taken 105 times
  • The average score is 10 of 15
Answer Stats
Question Answer % Correct
Which Bosnian city was under siege for 4 years? Sarajevo
90%
What was the Sarajevo Safari? An "event" where rich people payed to shoot Bosniak civilians
88%
What year was the Dayton peace agreement signed? 1995
85%
Who was the president of Bosnia during the war? Alija Izetbegovic
82%
When did the Bosnian war begin? 1992
75%
Which Bosnian unit was known for defending Sarajevo during the siege? 1st Corps of ARBIH
74%
What bridge was desroyed by Croat militants in 1993? Old bridge
74%
Which Bosnian political party, led by Alija Izetbegović, represented Bosniaks during the war? SDA
69%
Which Bosnian general was killed in 1995? Izet Nanic
66%
Which paramilitary group, led by Željko Ražnatović (“Arkan”), was notorious for atrocities in Bosnia? The Tigers
64%
Which town was the site of a massacre done by the Croats in 1993? Ahmici
63%
Who led the autonomous movement of Western Bosnia? Fikret Abdic
63%
Which notorious concentration camp near Prijedor became infamous for images of emaciated prisoners in 1992? Omarska
38%
Which bridge in Sarajevo became infamous for sniper attacks during the siege? Vrbanja bridge
30%
During the Bosnian War, what happened to the “Bratstvo” (Brotherhood) ammunition factory in Novi Travnik? It was considerably damaged by Serbian artillery and air attacks
25%
No matching quizzes found
Score Distribution
Percent of People with Each Score
Percentile by Number Answered
Your Score History
You have not taken this quiz